| 000 | 00648cam a22002291 4500 | ||
|---|---|---|---|
| 001 | sa 65009478 | ||
| 003 | DLC | ||
| 005 | 20260227112202.0 | ||
| 008 | 780918s1964 ii 001 0 eng | ||
| 010 | _asa 65009478 | ||
| 035 | _a(OCoLC)4232809 | ||
| 040 |
_aDLC _cKyLoU _dKyLoU _dDLC |
||
| 042 | _apremarc | ||
| 043 | _aa-ii--- | ||
| 045 | _ax4x4 | ||
| 050 | 0 | 0 |
_aJQ215 1964 _bC5 |
| 100 | 1 | _aChhabra, G. S. | |
| 245 | 1 | 0 |
_aAdvanced study in the constitutional history of India, _cby G. S. Chhabra. |
| 260 |
_aLudhiana, _bParkash Bros., _c1964. |
||
| 300 |
_a5, 2, 581, 191, vii p. _c22 cm. |
||
| 651 | 0 |
_aIndia _xPolitics and government _y1947- |
|
| 999 |
_c66243 _d66243 |
||